Most Congested Cities in Euro Truck Simulator 2 Multiplayer - Statistics

General Stats
  • This quiz has been taken 21 times
  • The average score is 8 of 14
Answer Stats
Average Hourly Players City % Correct
18 Berlin
90%
19 Amsterdam
85%
20 Paris
85%
12 Hamburg
80%
15 Brussels
75%
19 Dusseldorf
70%
15 Frankfurt
70%
20 Rotterdam
70%
51 Calais
55%
13 Luxembourg
50%
13 Dortmund
35%
60 Duisburg
35%
14 Lille
30%
13 Osnabruck
15%
No matching quizzes found
Score Distribution
Percent of People with Each Score
Percentile by Number Answered
Your Score History
You have not taken this quiz